|
|
|
|
| LEADER |
00817naa a2200193 i 4500 |
| 001 |
publ17236 |
| 005 |
20191105084932.0 |
| 008 |
191105s2018 hu o 0|| zxx d |
| 020 |
|
|
|a 9789634890607
|
| 024 |
7 |
|
|a 30417564
|2 mtmt
|
| 040 |
|
|
|a SZTE Publicatio Repozitórium
|b hun
|
| 041 |
|
|
|a zxx
|
| 100 |
1 |
|
|a Kovács Szilvia
|
| 245 |
1 |
0 |
|a Ferences térítők és a buddhizmus a Dzsingiszidák korában
|h [elektronikus dokumentum] /
|c Kovács Szilvia
|
| 260 |
|
|
|a SZTE BTK Altajisztikai Tanszék; ELTE Távol-keleti Intézet
|b Budapest
|c 2018
|
| 300 |
|
|
|a 19
|
| 300 |
|
|
|a 191-209
|
| 490 |
0 |
|
|a Kultúrák találkozása és kölcsönhatása a Selyemút mentén: Ecsedy Ildikó születésének 80. évfordulójára
|
| 856 |
4 |
0 |
|u http://publicatio.bibl.u-szeged.hu/17236/1/Ferences_teritok_es_a_buddhizmus_a_Dzsin.pdf
|z Dokumentum-elérés
|